000 01029naa a22002777a 4500
001 BR9101624
003 BR-BrBNA
005 20240918180652.0
007 ta
008 230509b bl.||||| |||| 00| 0 por d
040 _aBR-BrBNA
_bpor
_cBiblioteca Nacional de Agricultura
041 _a(Pt)
072 _aF63; F02
090 _aF63 BR9101624
100 1 _aTorres, A.C.
245 1 _aPolinizacao in vitro
260 3 _aBrasilia, DF (Brasil):
_c1990.
500 _aTorres, A.C.; Caldas, L.S. (eds.) Tecnicas e aplicacoes da cultura de tecidos de plantas Brasilia, DF (Brasil): 1990. p. 87-97 (BR9101624-AM)F63
650 _aPOLINIZACAO
650 _aREPRODUCAO SEXUADA
650 _aMEIO DE CULTURA
650 _aINCUBACAO
773 0 _tTecnicas e aplicacoes da cultura de tecidos de plantas
_aTorres, A.C.; Caldas, L.S. (eds.). Centro Nacional de Pesquisa de Hortalicas, Brasilia, DF (Brasil)
_wF63 BR9101624
_gBrasilia, DF (Brasil), 1990. p. 87-97
909 _a202404
_bLucia
_c55
_dLucia Elande
942 _cAM
_2AGRIS
999 _c321578
_d321578